Central Library OPAC University of Rajshahi

Disease in plants : (Record no. 12247)

MARC details
000 -LEADER
fixed length control field 00965cam a22002771 4500
001 - CONTROL NUMBER
control field 12247
003 - CONTROL NUMBER IDENTIFIER
rucl marc code BD-RjUL
005 - DATE AND TIME OF LATEST TRANSACTION
control field 20211208235248.0
008 - FIXED-LENGTH DATA ELEMENTS--GENERAL INFORMATION
fixed length control field 140128s1952 mauabc b 001 0 eng d
035 ## - SYSTEM CONTROL NUMBER
System control number (BD-RjUL)12296
System control number (OCoLC)3797479
040 ## - CATALOGING SOURCE
Original cataloging agency DLC
Transcribing agency OT
Modifying agency OCoLC
-- DLC
-- (BD-RjUL)
Language of cataloging eng
041 ## - LANGUAGE CODE
Language code of text/sound track or separate title eng
082 ## - DEWEY DECIMAL CLASSIFICATION NUMBER
Classification number 632
Author mark and year STD 1952
100 1# - MAIN ENTRY--PERSONAL NAME
Personal name Stevens, Neil E.
Fuller form of name (Neil Everett),
Dates associated with a name 1887-1949.
9 (RLIN) 38014
245 10 - TITLE STATEMENT
Title Disease in plants :
Remainder of title an introduction to agricultural phytopathology /
Statement of responsibility, etc. by Neil E. Stevens and Russell B. Stevens.
260 ## - PUBLICATION, DISTRIBUTION, ETC. (IMPRINT)
Place of publication, distribution, etc. Waltham, Mass. :
Name of publisher, distributor, etc. Chronica Botanica Co.,
Date of publication, distribution, etc. 1952.
300 ## - PHYSICAL DESCRIPTION
Pagination xix, 219 p. :
Illustrations illus., port., maps. ;
Size 24 cm.
504 ## - BIBLIOGRAPHY, ETC. NOTE
Bibliography, etc Includes bibliographies and Index
650 #0 - SUBJECT ADDED ENTRY--TOPICAL TERM
Topical term or geographic name as entry element Plant diseases.
9 (RLIN) 38016
700 1# - ADDED ENTRY--PERSONAL NAME
Personal name Stevens, Russell B.,
Dates associated with a name 1915-
Relator term joint author.
942 ## - ADDED ENTRY ELEMENTS (KOHA)
Source of classification or shelving scheme Dewey Decimal Classification
Koha item type Books
Holdings
Lost status Source of classification or shelving scheme Damaged status Not for loan Collection code Permanent Location Current Location Shelving location Date acquired Source of acquisition Cost, normal purchase price Total Checkouts Full call number Date last seen Copy number Koha item type
  Dewey Decimal Classification   Not For Loan Non-fiction Central Library, University of Rajshahi Central Library, University of Rajshahi Reading Room 11/10/1965 Zeithlinger. 48.00   632 STD 1952 28/01/2014 C-1 Books